00745 2200289 4500001002100000005001500021035002000036007000300056008004100059100001000100245004900110250001000159300003000169020002200199082000800221084001400229090001400243260003000257650001000287700002800297850001000325990002400335990002400359990002400383990002400407990002400431INLIS00000000000277120260531122242 a0010-0720000054ta260531 0 0 aRemon1 aSuara Kecil /cRemon;editor, Suryaning Wulan acet.1 a24 hlm. :bilus. ;c25 cm a978-602-341-143-6 a590 a590 REM s a590 REM s aJakarta :bBestari,c2017 4asains0 aeditor, Suryaning Wulan aPUPAD a34.259/DAK/DPK/2019 a34.258/DAK/DPK/2019 a34.259/DAK/DPK/2019 a34.260/DAK/DPK/2019 a34.258/DAK/DPK/2019